000 00254nam a22001097a 4500
008 170113b xxu||||| |||| 00| 0 eng d
020 _a0721632122
041 _aeng
080 _22ND
_a618.2
245 _aCRITICAL CARE NURSING
_cVAZQUEZ, M
942 _2udc
_cBK
999 _c2863
_d2863